000 00922nam a22003131 4500
001 075579
003 DO-SdBNP
005 20180202132339.0
007 075579
008 900725s1975 sp spa
016 7 _a
_z
_2BPMSU
017 _a
_b
020 _a8471890240
035 _a
040 _aBPMSU
_bspa
_c BPMSU
041 1 _aspa
_h
080 0 _a
100 1 _aLagerlöf, Selma
_d1858-1940
240 1 0 _aNils Holgerssons underbara resa genom Sverige
_lEspañol
245 1 3 _aEl maravilloso viaje del pequeño Nils /
_cSelma Lagerlof ; traductor e introducción, José-Felix
_h
260 _aValladolid, España :
_bEdival
_c1975
300 _a236 p. :
_bil. ;
_c26 cm
490 1 _aClásicos de la Juventud
700 1 2 _aJosé-Félix,
_etr.
830 0 _pClásicos de la Juventud
942 _2ddc
_cBK
945 _aInventariado, 2018 /LP
956 _aVMATEO
_210
_320160330
_6BPMSU
_80069
999 _c9430
_d9430